000 00653nam a2200253 a 4500
003 AR-BaBNM
005 20251128205200.0
008 082120s2002 ||||||||||||||000 | spa||
020 _a950-21-1128-1
040 _cAR-BaBNM
100 1 _aSorrentino, Fernando
245 0 0 _aEl mentiroso
_bentre guapos y compadritos
260 _aBuenos Aires
_bPlus Ultra
_c1994
300 _a95 p.
_bil.
490 0 _aLiteratura juvenil
_vv. 47
650 4 _aLITERATURA ARGENTINA
650 4 _aLITERATURA INFANTIL
650 4 _aLIBROS PARA NIÑOS
650 4 _aESCRITORES
653 _aNARRATIVA
655 _aLITERATURA
942 _cBK
998 _cMARTIN
999 _c10337
_d10337